Vista normal
Vista MARC
Entrada Materia (tema)
Número de registros utilizados en: 1
001 - CONTROL NUMBER
- control field: 106306
003 - CONTROL NUMBER IDENTIFIER
- control field: Co-BoUCM
005 - DATE AND TIME OF LATEST TRANSACTION
- control field: 20210920094535.0
008 - FIXED-LENGTH DATA ELEMENTS
- fixed length control field: 210920|| aca||aabn | a|a d
040 ## - CATALOGING SOURCE
- Original cataloging agency: Co-BoUCM
- Transcribing agency: Co-BoUCM
150 ## - HEADING--TOPICAL TERM
- Topical term or geographic name as entry element: Derecho constitucional
- Geographic subdivision: Colombia
- Geographic subdivision: Francia
670 ## - SOURCE DATA FOUND
- Source citation: Work cat.: (Co-BoUCM)316396: Carvajal Sánchez, Bernardo 106275, El principio de dignidad de la persona humana en la jurisprudencia constitucional colombiana y francesa, 2005